000 00786nam a2200241Ia 4500
003 OSt
005 20220923224927.0
006 a|||||r|||| 00| 0
007 ta
008 220922b |||||||| |||| 00| 0 hin d
024 _a253,781
037 _cTextual
040 _aARTS
_cARTS
_bhin
041 _2hin
_ahin
082 _aY:351.237, 152P3
100 _aदेथा, विजयदान, संपा.
245 0 _aगीतों की फुलवाड़ी
246 _aGītoan kī fulavāड़ī
260 _aनई दिल्ली
_b साहित्य अकादेमी
_c2003
300 _a471पृ.
_ccm.
942 _hY:351.237, 152P3
_cTEXL
_2CC
999 _c374728
_d374728